Principles of environmental engineering and science

Kaydedildi:
Detaylı Bibliyografya
Yazar: DAVIS, Mackenzie L. Masten, Susan J.
Materyal Türü: Kitap
Dil:İngilizce
Baskı/Yayın Bilgisi: McGraw-Hill 2014
Etiketler: Etiketle
Etiket eklenmemiş, İlk siz ekleyin!

MARC

LEADER 00000nam a22000007a 4500
008 201214b ||||| |||| 00| 0 eng d
020 |a 978-1-259-06047-2 
100 |a DAVIS, Mackenzie L.  |a Masten, Susan J. 
245 |a Principles of environmental engineering and science  |c Mackenzie L. Davis and Susan J. Masten  |g xvi, 848p.; ill. 
250 |b 3rd ed. 
260 |b McGraw-Hill  |c 2014  |h New York  |i 691239   |i 691240  |l TD145 .D29  |m Environmental engineering  |m Environmental sciences 
500 |a It includes bibliographical references and index 
942 |a lcc  |c BK  |e Kuteyi, M. A.  |f 14/12/2020 
952 |0 0  |1 0  |2 lcc  |4 0  |6 TD0145 D29  |7 0  |9 457  |a HOL  |b SL  |c QZ  |d 2020-12-14  |l 0  |o TD145 .D29  |p 2020-2186  |r 2020-12-14 00:00:00  |w 2020-12-14  |y BK 
952 |0 0  |1 0  |2 lcc  |4 0  |6 TD0145 D29  |7 0  |9 458  |a HOL  |b HOL  |c QZ  |d 2020-12-14  |l 0  |o TD145 .D29  |p 2020-2187  |r 2020-12-14 00:00:00  |w 2020-12-14  |y BK 
999 |c 230  |d 230